Spravodajca Slovenskej spoločnosti pre technickú normalizáciu

Guardado en:
Detalles Bibliográficos
Formato: Seriadas
Lenguaje:eslovaco
Publicado: Bratislava Slovenská spoločnosť pre technickú normalizáciu
Materias:
Etiquetas: Agregar Etiqueta
Sin Etiquetas, Sea el primero en etiquetar este registro!

MARC

LEADER 00000nas1a22000001 4500
001 s121073
005 20250714131305.1
022 |a 1335-0439 
041 0 |a slo 
044 |a SK 
245 1 0 |a Spravodajca Slovenskej spoločnosti pre technickú normalizáciu 
264 1 |a Bratislava  |b Slovenská spoločnosť pre technickú normalizáciu 
610 2 0 |a normalizácia technická